MARC
| LEADER | 00000cam a2200000 7i4500 | ||
|---|---|---|---|
| 001 | 0000327708 | ||
| 005 | 20251110150658.0 | ||
| 007 | t | ||
| 008 | 251110 eng | ||
| 020 | |a 9780008705824 | ||
| 040 | |a MBPJ |b eng |c MBPJ |e rda | ||
| 245 | 1 | 0 | |a GLIMMERS : |b How to find pockets of joy in every day |c HAYLEY DOYLE |
| 336 | |a text |2 rdacontent | ||
| 337 | |a unmediated |2 rdamedia | ||
| 338 | |a volume |2 rdacarrier | ||
| 999 | |a 00424381 |b BUKU |c PINJAMAN |e PERPUSTAKAAN KOMUNITI PETALING JAYA | ||